000 00507nam a2200193Ia 4500
003 GCL
008 140319s9999 xx 000 0 eng d
040 _aGCL /
_cGCL
082 0 4 _a956.05
_bM M
100 1 _aMIZUTANI, NOBUKO
245 1 0 _aTHE MIDDLE EAST INTO THE 21th CENTURY /
_cMIZUTANI, NOBUKO
700 1 _aMALLAT, CHIBLI
260 _a[S.N] :
_bITHACA PRESS ،
_c1996
300 _a259 P
650 0 4 _aHISTORY
650 0 4 _aMIDDLE EAST
650 0 4 _aPOLITICAL AND GOVERNMENT
942 _2ddc
_cBK
999 _c13952
_d13952